|
|
|
|
| LEADER |
01475nam a2200397Ia 4500 |
| 001 |
EBC198441 |
| 003 |
MiAaPQ |
| 005 |
20200520144314.0 |
| 006 |
m o d | |
| 007 |
cr cn||||||||| |
| 008 |
040427s2005 enka sb 001 0 eng d |
| 010 |
|
|
|z 2004010037
|
| 020 |
|
|
|z 0415331943 (alk. paper)
|
| 020 |
|
|
|z 0415336708 (alk. paper)
|
| 020 |
|
|
|a 0203398114 (electronic bk.)
|
| 035 |
|
|
|a (MiAaPQ)EBC198441
|
| 035 |
|
|
|a (Au-PeEL)EBL198441
|
| 035 |
|
|
|a (CaPaEBR)ebr10094653
|
| 035 |
|
|
|a (CaONFJC)MIL40303
|
| 035 |
|
|
|a (OCoLC)252823210
|
| 040 |
|
|
|a MiAaPQ
|c MiAaPQ
|d MiAaPQ
|
| 050 |
|
4 |
|a HD70.E69
|b M36 2005
|
| 082 |
0 |
4 |
|a 330.9171/7
|2 22
|
| 245 |
0 |
0 |
|a Management in transitional economies
|h [electronic resource] :
|b from the Berlin Wall to the Great Wall of China /
|c Malcolm Warner ... [et al.].
|
| 260 |
|
|
|a London :
|b RoutledgeCurzon,
|c 2005.
|
| 300 |
|
|
|a xvi, 204 p. :
|b ill.
|
| 504 |
|
|
|a Includes bibliographical references and index.
|
| 533 |
|
|
|a Electronic reproduction. Ann Arbor, MI : ProQuest, 2015. Available via World Wide Web. Access may be limited to ProQuest affiliated libraries.
|
| 650 |
|
0 |
|a Management
|z Europe, Central.
|
| 650 |
|
0 |
|a Management
|z Russia (Federation)
|
| 650 |
|
0 |
|a Management
|z China.
|
| 650 |
|
0 |
|a Management
|z Vietnam.
|
| 655 |
|
4 |
|a Electronic books.
|
| 700 |
1 |
|
|a Warner, Malcolm.
|
| 710 |
2 |
|
|a ProQuest (Firm)
|
| 856 |
4 |
0 |
|u https://ebookcentral.proquest.com/lib/matrademy/detail.action?docID=198441
|z Click to View
|